Cartoonfiguren mit K - Statistiken

Allgemein
  • Dieses Quiz wurde 57 mal gespielt
  • Das Durchschnittsergebnis liegt bei 6 aus 13
Antwortstatistiken
Bildquiz Antwort % Korrekt
Kim Possible
88%
Mr. Krabs
85%
Karla Kolumna
77%
Kater Karlo
67%
Krusty
65%
Kummer
60%
Knuckles
52%
Kuzco
40%
Kakashi Hatake
37%
Kristoff
27%
Klarabella Kuh
25%
Kuririn
12%
Koda
10%
Keine übereinstimmenden Quizze gefunden
Verteilung der Resultate
Anzahl Personen mit jedem Resultat
Perzentil nach korrekt beantworteten Fragen
Ihre Resultats-Entwicklung
Sie haben dieses Quiz noch nicht gespielt